Metody analýzy nelineárných dynamických modelů

Gespeichert in:
Bibliographische Detailangaben
Format: Buch
Sprache:Tschechisch
Veröffentlicht: Praha Academia 1986
Tags: Tag hinzufügen
Keine Tags, Fügen Sie das erste Tag hinzu!

MARC

LEADER 00000nam a2200000 4500
001 c104426
005 20041019155132.0
041 0 |a cze 
044 |a CZ 
245 1 0 |a Metody analýzy nelineárných dynamických modelů 
264 1 |a Praha  |b Academia  |c 1986 
300 |a 417 s.